000 00529nam a22002057a 4500
003 OSt
005 20140310182935.0
008 130201t xxu||||| |||| 00| 0 eng d
020 _a9715553931
050 _aDS685
_b.C148 2001
082 _aFIL959.9
_bC11 2001
245 _aThree Continents
_cCalero, Ana Mari S.
260 _aManila
_bDe La Salle University Press
_cc2001
300 _ax, 371 p.
_c22 cm.
521 _acollege students
526 _c1210L-1700L
562 _e1
942 _2lcc
_cBK
_kFIL
999 _c17608
_d17608